Central Library OPAC University of Rajshahi

The white notebook / (Record no. 22109)

MARC details
000 -LEADER
fixed length control field 00857nam a22002652a 4500
001 - CONTROL NUMBER
control field 22109
003 - CONTROL NUMBER IDENTIFIER
rucl marc code BD-RjUL
005 - DATE AND TIME OF LATEST TRANSACTION
control field 20211209000752.0
008 - FIXED-LENGTH DATA ELEMENTS--GENERAL INFORMATION
fixed length control field 140306t19671964xx 000 1aeng d
035 ## - SYSTEM CONTROL NUMBER
System control number OCLC ocm01621429 from D950829M
-- (BD-RjUL)22174
040 ## - CATALOGING SOURCE
Original cataloging agency DLC
Transcribing agency IRU
Modifying agency IRU
-- UKM
-- BD-RjUL
Language of cataloging eng
041 ## - LANGUAGE CODE
Language code of text/sound track or separate title eng
082 ## - DEWEY DECIMAL CLASSIFICATION NUMBER
Classification number 848.91203
Author mark and year GIW 1967
100 1# - MAIN ENTRY--PERSONAL NAME
Personal name Gide, André,
Dates associated with a name 1869-1951.
9 (RLIN) 68263
245 14 - TITLE STATEMENT
Title The white notebook /
Statement of responsibility, etc. by Andre Gide. Translated and with an introduction by Wade Baskin
260 ## - PUBLICATION, DISTRIBUTION, ETC. (IMPRINT)
Place of publication, distribution, etc. London :
Name of publisher, distributor, etc. Owen,
Date of publication, distribution, etc. [1967, c1964]
300 ## - PHYSICAL DESCRIPTION
Pagination xii, 68 p. ;
Size 21 cm
500 ## - GENERAL NOTE
General note Translation of a part of Les cahiers d' André Walter
504 ## - BIBLIOGRAPHY, ETC. NOTE
Bibliography, etc Bibliographical footnotes.
650 ## - SUBJECT ADDED ENTRY--TOPICAL TERM
Topical term or geographic name as entry element Frence Literature
9 (RLIN) 77554
700 ## - ADDED ENTRY--PERSONAL NAME
Personal name Wade Baskin
942 ## - ADDED ENTRY ELEMENTS (KOHA)
Source of classification or shelving scheme Dewey Decimal Classification
Koha item type Books
Holdings
Lost status Source of classification or shelving scheme Damaged status Not for loan Collection code Permanent Location Current Location Shelving location Date acquired Source of acquisition Cost, normal purchase price Total Checkouts Full call number Date last seen Copy number Koha item type
  Dewey Decimal Classification     Fiction Central Library, University of Rajshahi Central Library, University of Rajshahi   09/08/1972 Book Centre 27.50   848.91203 GIW 1967 06/03/2014 C-2 Books